| 000 | 00496nam a2200181 i 4500 | ||
|---|---|---|---|
| 001 | 36683 | ||
| 003 | ES-MaACL | ||
| 005 | 20250910063058.0 | ||
| 007 | t| | ||
| 008 | 030219s1968 sp ||||1| spa d | ||
| 080 | _a821.134.2-14"19" | ||
| 100 | 0 |
_aBravo Sanfelíu, Julio _931463 |
|
| 245 | 1 | 0 |
_aVersos diversos / _cJulio Bravo. |
| 260 |
_aMadrid : _b[s.n.], _c1968 ( _fGráf. Hergón) |
||
| 300 |
_a94 p. ; _c19 cm. |
||
| 852 |
_aES-MaACL _jC-56796 _bR.67805 |
||
| 999 |
_c36683 _d36683 |
||